000 01117nas1a22003011 4500
001 RU\NLR\INFOCOMM33\1000078408
005 20260308001708.0
035 _a(NLR Aleph) 002532874
090 _a89232
_c89232
100 _a20040428c1945 u y0rusy50 ca
101 0 _arus
102 _aRU
110 _aayu||||0|y0
200 1 _aСтатистическое приложение к журналу "Мировое хозяйство и мировая политика"
210 _aМ.
_d1945-
422 0 _1001RU\NLR\INFOCOMM33\1000078413
_12001#$aМировое хозяйство и мировая политика
710 0 2 _a"Мировое хозяйство и мировая политика", журнал
_cМосква
_9445014
_3RU\NLR\AUTH\880389635
801 0 _aRU
_bNLR
_gPSBO
801 1 _aRU
_bInfoComm
_c20040428
852 _aNLR
_jП22/1459
942 _cUNSPEC
945 _aРоссийская национальная библиотека
980 _aBV
980 _aNB
980 _aRUSPER